[Event "FIDE Moscow Grand Prix 2017"]
[Site "Moscow"]
[Date "2017.05.15"]
[Round "4"]
[White "Grischuk, Alexander"]
[Black "Vachier-Lagrave, Maxime"]
[Result "1/2-1/2"]
[WhiteElo "2750"]
[BlackElo "2795"]
[Annotator "TA"]
[PlyCount "132"]
[EventDate "2017.??.??"]
[EventType "tourn"]
[EventCountry "RUS"]
[SourceTitle "playchess.com"]
[Source "ChessBase"]
[SourceQuality "1"]

{[%evp 19,132,30,14,11,10,14,15,5,22,15,49,49,44,38,45,45,37,24,50,47,72,76,111,98,102,93,148,145,151,154,150,155,162,146,157,152,148,159,170,172,179,173,250,291,204,204,360,335,283,187,163,143,155,149,248,264,297,229,212,211,215,132,133,126,125,112,184,239,191,216,224,263,249,212,271,269,270,167,202,185,277,28,68,7,324,324,324,324,287,0,8,8,8,20,45,0,45,8,8,8,51,0,0,0,410,410,410,410,410,414,422,422,203,119,422]} 1. e4 c5 2. Nf3 d6 3. d4 cxd4 4. Nxd4 Nf6 5. Nc3 a6 6. Be3 Ng4 7. Bc1 Nf6 8. Be3 Ng4 9. Bg5 h6 10. Bc1 {B90: Sicilian Najdorf: Unusual White 6th moves, 6 Be3 Ng4 and 6 Be3 e5} (10. Bh4 g5 11. Bg3 Bg7 12. h3 Ne5 13. Nf5 Bxf5 14. exf5 Nbc6 15. Nd5 e6 16. fxe6 fxe6 17. Ne3 Qa5+ 18. c3 Nf3+ 19. Qxf3 Bxc3+ 20. Kd1 Qa4+ 21. Nc2 Bxb2 {½-½ (62) Nakamura,H (2785)-Grischuk,A (2742) Sharjah 2017}) 10... Nf6 {LiveBook: 31 Games} 11. Bd3 e5 12. Nde2 {The position is equal.} Be7 13. O-O O-O 14. Ng3 $146 ({Predecessor:} 14. Nd5 Nxd5 15. exd5 f5 16. c4 Nd7 17. f4 b5 18. cxb5 {0-1 (36) Martinez Martinez,A (1903)-Perez Ferris,M (2162) ICCF email 2011}) 14... Nbd7 15. a4 Nc5 16. Be2 Be6 17. Bf3 Rc8 18. Re1 Qd7 19. a5 Rfd8 20. Nd5 Bxd5 21. exd5 Re8 22. c4 Bd8 (22... Qd8 $142) 23. Be3 (23. b4 e4 $15) 23... e4 24. Be2 h5 25. b4 Nd3 26. Bxd3 exd3 27. Qxd3 h4 28. Nf1 h3 29. Bd4 hxg2 30. Ng3 (30. Kxg2 $6 Nh5 $14) 30... Rxe1+ (30... Qh3 {was worth a try.} 31. Rxe8+ Nxe8) 31. Rxe1 $18 Qh3 32. Qf3 Kf8 $2 (32... Qd7 {might work better.} 33. Rc1 Qh3) 33. c5 dxc5 34. Bxc5+ Kg8 {If only Black now had time for ...Bxa5....} 35. Qf5 (35. Qxg2 $6 Qxg2+ 36. Kxg2 Bxa5 $11) 35... Qxf5 36. Nxf5 g6 (36... Kh7 $16) 37. Nd6 Rc7 38. Ne8 (38. Kxg2 Rd7 $16) 38... Rd7 39. Nxf6+ (39. Kxg2 Nxd5 40. Kf3 Nc7 $11) 39... Bxf6 {[%mdl 4096] Endgame KRB-KRB} 40. Re8+ (40. Kxg2 Rxd5 41. Re8+ Kg7 $11) 40... Kg7 41. Bf8+ (41. Kxg2 $6 Rxd5 42. Bf8+ Kh7 $11) 41... Kh7 42. d6 Bg7 (42... g5 $16) 43. Re7 $1 {[%cal Re7d7]} (43. Kxg2 Bxf8 44. Rxf8 Kg7 $11) 43... Rd8 44. Bxg7 (44. Rxf7 $6 Rxf8 45. Rxb7 Rd8 $14) 44... Kxg7 45. Rxb7 {Hoping for d7.} (45. Kxg2 $6 b5 $14) 45... Rxd6 46. Kxg2 {KR-KR} Rd4 47. Kf3 $1 g5 48. Ke3 Rf4 {[#]} 49. Rb6 $1 f5 (49... Rh4 {keeps fighting.} 50. Rxa6 Rxb4) 50. Rxa6 $2 ({White should try} 50. Ke2 $18) 50... Rxb4 51. Ra7+ (51. Re6 $14) 51... Kg6 $2 {[%mdl 8192]} (51... Kf6 $11 {and Black is okay.}) 52. a6 Ra4 53. Ra8 g4 54. f4 $2 ({White must play} 54. a7 $18 Kh7 55. Kd3) 54... gxf3 $1 $11 55. Kxf3 {Threatens to win with a7.} Kg7 56. Kg3 {a7 is the strong threat.} Rg4+ 57. Kf3 {Black must now prevent a7.} Ra4 58. h3 {aiming for a7.} Kh7 59. Kg3 {And now a7 would win.} ({Not} 59. a7 Kg7 $18) 59... Kg7 60. h4 (60. a7 Kh7 $18) (60. Kf2 $14) 60... Rg4+ $1 61. Kh3 $2 {[%mdl 8192]} (61. Kf3 $11 Rxh4 62. Kg2) 61... Ra4 $18 62. h5 Kh7 63. Kg3 (63. a7 Ra3+ 64. Kh4 f4 $18) 63... Kg7 64. Kf3 ({Less strong is} 64. a7 Rg4+ 65. Kh2 Rh4+ 66. Kg3 Rg4+ 67. Kf2 Rf4+ 68. Ke3 Ra4 $18) 64... Kh7 65. Ke3 ({Weaker is} 65. a7 Kg7 $18) 65... Kg7 {[#]} (65... Re4+ {was called for.} 66. Kf2 Rf4+ 67. Ke3 Ra4) 66. Kd3 ({White should play} 66. Kf2 $1 $18) 66... f4 $2 {[%mdl 40960] Precision: White = 74%, Black = 57%. . An unexpected result.} (66... Kh7 $16 {is a better chance.} 67. Ke2 Kg7) 1/2-1/2

[Event "FIDE Moscow Grand Prix 2017"]
[Site "Moscow"]
[Date "2017.05.15"]
[Round "4"]
[White "Adams, Michael"]
[Black "Nepomniachtchi, Ian"]
[Result "0-1"]
[WhiteElo "2747"]
[BlackElo "2751"]
[Annotator "TA"]
[PlyCount "98"]
[EventDate "2017.??.??"]
[EventType "tourn"]
[EventCountry "RUS"]
[SourceTitle "playchess.com"]
[Source "ChessBase"]
[SourceQuality "1"]

{[%evp 22,98,22,9,29,2,28,26,25,27,20,18,18,18,18,18,21,11,14,10,6,11,19,17,35,22,32,22,47,0,0,-78,-63,-62,-65,-77,-62,-96,-95,-175,-193,-257,-247,-272,-262,-304,-218,-427,-427,-465,-457,-426,-443,-424,-244,-280,-255,-272,-257,-243,-239,-379,-385,-357,-368,-800,-797,-800,-795,-830,-802,-639,-636,-628,-624,-555,-530,-1126,-943]} 1. e4 c5 2. Nf3 d6 3. d4 cxd4 4. Nxd4 Nf6 5. Nc3 a6 6. g3 e5 7. Nde2 Be7 8. Bg2 O-O 9. O-O b5 10. Nd5 {B91: Sicilian Najdorf: 6 g3} Nxd5 11. Qxd5 Ra7 12. Be3 {LiveBook: 7 Games. The position is equal.} Be6 13. Qd3 Rb7 14. b3 {[#]} Nd7 $146 ({Predecessor:} 14... b4 15. a3 a5 16. axb4 axb4 17. Ra4 Nd7 {½-½ (32) Adams,M (2745)-Hou,Y (2649) Douglas 2016}) 15. Nc3 Nf6 16. a4 {[%cal Ra4b5]} Qd7 17. axb5 axb5 18. Ra6 Rc8 19. Rfa1 b4 20. Na4 {Threatens to win with Nb6.} Qc7 21. Ra2 Nd7 22. Qf1 Rcb8 23. Qd1 h6 24. h4 Bf8 25. Bf3 Nf6 26. Bg2 {[#]} (26. Nb2 $11) 26... Bd7 $1 $17 {[%cal Be6d7,Bd7c6,Bc6e4][%mdl 32]} 27. Nb2 Bc6 $1 28. Nc4 Bxe4 (28... Nxe4 $2 {[#]} 29. Rxc6 $1 {[%mdl 512]} Qxc6 30. Na5 $18) 29. Ba7 ({But not} 29. Nxd6 $2 Rd8 $19) 29... Re8 30. Bb6 (30. Bxe4 $17 {keeps fighting.} Nxe4 31. R2a5) 30... Qd7 $19 31. Na5 (31. f3 $142 Bc6 32. Bf2) 31... Bxg2 32. Kxg2 Rbb8 33. Ra7 Qb5 34. Bc7 $2 (34. Be3) 34... Ra8 35. Nc4 Rxa7 36. Rxa7 Qc5 37. Qa1 Ng4 (37... Rc8 $142 38. Qa5 Qc6+ 39. Kg1 Ng4) 38. Bb6 Qc6+ 39. f3 e4 {[%cal Be5e4,Be4e3,Be3e2][%mdl 32]} 40. fxg4 {Qa4 is the strong threat.} e3+ $1 41. Kh2 (41. Kg1 $142 d5 42. Qf1 (42. Rc7 $2 Qe6 $19)) 41... e2 42. Qe1 d5 {[%cal Bd6d5,Bd5c4][%mdl 32]} 43. Be3 $2 (43. Rc7 Qf6 44. Bf2 (44. g5 $2 hxg5 45. h5 dxc4 $19) 44... dxc4 45. Rxc4) 43... dxc4 {Black is clearly winning.} 44. Qxe2 Qe6 45. Qf2 Qxe3 46. Qxf7+ Kh8 47. bxc4 Qe2+ 48. Kh3 {[#]} Qd1 $1 {[%cal Rd1h1][%mdl 512]} 49. g5 {[#]} h5 $1 {[%mdl 512] Precision: White = 43%, Black = 79%.} 0-1

[Event "FIDE Moscow Grand Prix 2017"]
[Site "Moscow"]
[Date "2017.05.15"]
[Round "4"]
[White "Inarkiev, Ernesto"]
[Black "Harikrishna, Pentala"]
[Result "1/2-1/2"]
[WhiteElo "2727"]
[BlackElo "2750"]
[Annotator "TA"]
[PlyCount "94"]
[EventDate "2017.??.??"]
[EventType "tourn"]
[EventCountry "RUS"]
[SourceTitle "playchess.com"]
[Source "ChessBase"]
[SourceQuality "1"]

{[%evp 25,94,16,14,0,-1,-13,-6,-3,0,-14,0,-3,-13,-14,0,0,0,0,0,0,0,0,6,3,7,0,0,0,0,0,0,0,0,0,0,-8,0,-25,-21,-13,-11,-55,-55,-55,-55,-55,-49,-48,-48,-48,-48,-48,-38,-38,-38,-35,-39,-117,-48,-48,-35,-35,-8,-8,-8,-8,-8,-8,-8,-8,-8]} 1. d4 Nf6 2. c4 e6 3. g3 c5 4. d5 exd5 5. cxd5 g6 6. Bg2 d6 7. Nf3 Bg7 8. Nc3 O-O 9. O-O Re8 10. Bf4 Bf5 {A62: Modern Benoni: Fianchetto Variation without early ...Nbd7} 11. Nh4 Bc8 12. Qd2 a6 (12... Na6 13. Rfe1 b5 14. Nxb5 Ne4 15. Bxe4 Rxe4 16. Nxd6 Rd4 17. Qe3 Nc7 18. Nxc8 Nxd5 {1-0 (51) Xiong,J (2674)-Cordova,E (2655) Saint Louis 2017}) 13. a4 Qe7 {LiveBook: 3 Games} 14. h3 {[#]} Nbd7 $146 ({Predecessor:} 14... Qf8 15. g4 Nbd7 16. Nf3 Ne4 17. Nxe4 Rxe4 18. e3 Rb4 19. Ra2 {½-½ (32) Christiansen,L (2505)-Sax,G (2560) Moscow 1982}) 15. e4 {[%cal Be2e4,Be4e5,Be5d6][%mdl 32]} Rb8 16. Nf3 b5 17. axb5 axb5 {With the idea ...b4.} 18. Rfe1 {Strongly threatening e5.} b4 19. Na4 $1 {Threatening e5.} Bb7 20. e5 Nxd5 21. exd6 Qf8 22. Ne5 Rxe5 23. Bxe5 Nxe5 24. Nxc5 ({Of course not} 24. Bxd5 Qxd6 25. Red1 Rd8 $17) 24... Bc6 $132 {[%mdl 2048] White must now prevent ...Rd8. Black puts up resistance} 25. Ra6 {Rxc6 is the strong threat.} Qxd6 {[#]} 26. Rxc6 $1 {[%mdl 512]} Qxc6 27. Qxd5 Qxd5 28. Bxd5 Rd8 29. Rd1 Bf8 30. Ne4 Be7 31. Bb3 Rxd1+ 32. Bxd1 $11 {[%mdl 4096] Endgame KBN-KBN} Nd3 33. Bb3 (33. Bc2 $5 {[%cal Rc2d3]} Nxb2 34. Nd2 $15) 33... Nxb2 34. Kf1 Nd3 35. Bd5 Kg7 36. Ke2 Ne5 37. f4 Nd7 38. g4 f5 39. gxf5 gxf5 40. Ng3 Kf6 41. Nh5+ Kg6 42. Bc6 $1 b3 (42... Ne5 $5 43. fxe5 Kxh5 $15) 43. Bxd7 b2 44. Ng3 {The position is equal.} b1=Q {( -> ...Qc2+)} 45. Bxf5+ {[#]} Qxf5 $1 46. Nxf5 Kxf5 47. Kf3 Bc5 {Precision: White = 84%, Black = 70%.} 1/2-1/2

[Event "FIDE Moscow Grand Prix 2017"]
[Site "Moscow"]
[Date "2017.05.15"]
[Round "4"]
[White "Gelfand, Boris"]
[Black "Tomashevsky, Evgeny"]
[Result "1/2-1/2"]
[WhiteElo "2724"]
[BlackElo "2696"]
[Annotator "TA"]
[PlyCount "71"]
[EventDate "2017.??.??"]
[EventType "tourn"]
[EventCountry "RUS"]
[SourceTitle "playchess.com"]
[Source "ChessBase"]
[SourceQuality "1"]

{[%evp 17,71,0,7,0,0,-1,10,24,29,25,34,25,27,25,25,29,34,11,18,32,24,4,11,-4,15,20,34,37,29,36,60,57,100,47,42,41,41,10,10,8,45,45,64,65,64,53,58,47,49,54,56,55,45,51,52,22]} 1. d4 Nf6 2. c4 e6 3. g3 Bb4+ 4. Bd2 Be7 5. Bg2 d5 6. Nf3 O-O 7. O-O Nbd7 8. a4 {E11: Bogo-Indian} (8. Qc2 Ne4 9. Bf4 c6 10. Nc3 g5 11. Bc1 f5 12. b3 b6 13. Bb2 Bb7 14. Rad1 Qe8 15. Nd2 Nd6 16. Ba3 Rc8 17. Rfe1 Nf7 18. Qb2 {½-½ (30) So,W (2822)-Nakamura,H (2793) Saint Louis 2017}) (8. Qc2 c6 9. Bf4 b6 10. Rd1 Ba6 11. cxd5 cxd5 12. Ne5 Rc8 13. Nc6 Nh5 14. Bc1 Nb8 15. Nxe7+ Qxe7 16. Qd2 Nc6 17. b3 Rfd8 18. Ba3 {½-½ (26) Gelfand,B (2743)-Tomashevsky,E (2731) Moscow 2016}) 8... a5 9. Qc2 c6 {LiveBook: 14 Games} 10. Na3 {The position is equal.} Bd6 11. Ne1 $146 {[%cal Bf3e1,Be1d3,Bd3f4][%mdl 32]} ({Predecessor:} 11. c5 Bc7 12. Bc3 Ne4 13. Nd2 Nxc3 14. bxc3 e5 15. c4 Nf6 16. dxe5 Bxe5 {1-0 (59) Yerden,H (1683)-Kulakli,A (1771) Canakkale 2015}) 11... Qe7 (11... Ne4 $5) 12. Nd3 e5 13. cxd5 Nxd5 14. Bxd5 cxd5 15. Nb5 e4 16. Nf4 Nf6 17. Rfc1 Bg4 18. Nxd6 Qxd6 19. Qb3 h6 20. Qb5 Bd7 21. Qc5 ({Much weaker is} 21. Qxb7 g5 $15) 21... Qa6 22. Nxd5 Nxd5 23. Qxd5 Bg4 24. Qxe4 Bxe2 25. Rc5 (25. Rc7 $16) 25... Rfe8 $14 26. Re5 Rxe5 27. Qxe5 Bf3 28. Ra3 Qc6 (28... Bg4 {with more complications.} 29. d5 Qc4 30. Qf4 Qxd5 31. Qxg4 Qxd2 32. Rb3 Qd5) 29. Rc3 {White is slightly better.} Qd5 30. Qxd5 Bxd5 {[%mdl 4096] Endgame KRB-KRB} 31. Rc5 Bf3 32. Rf5 Be4 33. Re5 Bf3 34. Bxa5 b6 35. Re3 Bd5 36. Bxb6 {Precision: White = 58%, Black = 69%.} 1/2-1/2

[Event "FIDE Moscow Grand Prix 2017"]
[Site "Moscow"]
[Date "2017.05.15"]
[Round "4"]
[White "Vallejo Pons, Francisco"]
[Black "Radjabov, Teimour"]
[Result "0-1"]
[WhiteElo "2710"]
[BlackElo "2710"]
[Annotator "TA"]
[PlyCount "90"]
[EventDate "2017.??.??"]
[EventType "tourn"]
[EventCountry "RUS"]
[SourceTitle "playchess.com"]
[Source "ChessBase"]
[SourceQuality "1"]

{[%evp 12,90,21,23,22,19,14,0,0,6,10,0,0,-2,6,-7,4,-39,-29,-73,-68,-72,-28,-52,-47,-51,-46,-129,-122,-133,-131,-212,-212,-212,-212,-212,-212,-212,-212,-224,-226,-239,-231,-233,-213,-482,-460,-463,-466,-480,-463,-455,-471,-426,-391,-522,-464,-643,-645,-622,-633,-697,-642,-818,-795,-737,-727,-886,-867,-2407,-1806,-29992,-29993,-29993,-29994,-29994,-29995,-29995,-29987,-29997,-29998]} 1. e4 c5 2. Nf3 Nc6 3. Bb5 g6 4. Bxc6 dxc6 5. d3 Bg7 6. h3 Nf6 7. Nc3 O-O {B31: Sicilian: 2...Nc6 3 Bb5 g6} 8. Bf4 Nh5 9. Be3 (9. Bh2 Bh6 10. Ne5 f6 11. Ng4 Bg7 12. Qd2 e5 13. O-O-O a5 14. Ne2 a4 15. Kb1 {½-½ (43) Adams,M (2751)-Eljanov,P (2759) Sharjah 2017}) 9... Qd6 {The position is equal.} 10. Qd2 e5 11. O-O-O b5 12. Ne2 b4 13. g4 Nf6 14. Ng3 a5 15. c4 $146 ({Predecessor:} 15. Bh6) 15... a4 16. Rhg1 Kh8 17. Bh6 Ne8 18. Bxg7+ Kxg7 19. Nf5+ ({White should try} 19. Nh2 $15) 19... gxf5 $17 20. gxf5+ Kh8 21. Qg5 (21. Rg4 $17) 21... Ra7 $19 22. Rg4 {aiming for Rdg1.} f6 $1 {[%cal Rf6g5]} 23. Qh6 {Strongly threatening Rdg1.} Rff7 24. Rdg1 {[%csl Gg1][%cal Rg4g8]} Rg7 $1 ({Don't do} 24... Qf8 25. Rg8+ Qxg8 26. Rxg8+ Kxg8 27. Nxe5 $1 $17 {[%mdl 512]}) 25. Rxg7 Nxg7 (25... Rxg7 $2 {too greedy.} 26. Rxg7 Nxg7 27. Ng5 $1 $18 {[%mdl 512]}) 26. Ng5 {[%csl Gg5][%cal Rh6h7]} Ne8 27. Nf3 {White hopes to continue with Rg6.} Ba6 28. Rg6 $2 (28. b3) 28... Rf7 29. Ng5 {[%cal Rg5f7] [#]} Bxc4 $1 30. f4 exf4 {[%cal Be5f4,Bf4f3][%mdl 32]} 31. e5 Qe7 32. Nxf7+ Bxf7 33. Rg1 {White wants to play e6.} Bxa2 34. e6 f3 35. Qf4 Bd5 36. Qb8 c4 37. Kd2 c3+ 38. bxc3 bxc3+ 39. Kc2 a3 {[%cal Ba4a3,Ba3a2,Ba2a1,Ba1b3][%mdl 32]} 40. Rg4 a2 41. Qg3 a1=N+ {Black mates.} 42. Kd1 c2+ 43. Kd2 {[#]} c1=Q+ $1 44. Kxc1 Qc5+ 45. Kd2 Nb3+ {Precision: White = 36%, Black = 94%.} 0-1

[Event "FIDE Moscow Grand Prix 2017"]
[Site "Moscow"]
[Date "2017.05.15"]
[Round "4"]
[White "Salem, A R  Saleh"]
[Black "Mamedyarov, Shakhriyar"]
[Result "0-1"]
[WhiteElo "2633"]
[BlackElo "2772"]
[Annotator "TA"]
[PlyCount "142"]
[EventDate "2017.??.??"]
[EventType "tourn"]
[EventCountry "RUS"]
[SourceTitle "playchess.com"]
[Source "ChessBase"]
[SourceQuality "1"]

{[%evp 18,142,33,17,6,12,8,0,10,-11,-1,-96,16,15,11,20,27,0,0,0,14,20,27,20,26,16,24,-8,-8,-8,-19,-12,18,22,18,-6,0,-10,33,-21,10,0,8,-16,17,0,0,-120,-120,-120,-120,-120,-120,-221,-218,-175,0,0,0,0,0,0,0,0,0,0,0,0,0,0,0,0,0,0,0,0,0,0,0,0,0,0,0,-8,-9,-104,-102,-116,0,0,0,0,0,0,0,0,0,0,0,0,0,-2,-2,-125,-121,-123,-116,-219,-219,-212,-205,-212,-212,-212,-212,-204,-202,-684,-662,-525,-476,-921,-919,-892,-889,-5077,-955]} 1. d4 Nf6 2. c4 g6 3. g3 c6 4. Bg2 d5 5. Qa4 dxc4 6. Qxc4 Bg7 7. Nf3 O-O 8. O-O Bf5 9. Nc3 Nbd7 10. e3 {LiveBook: 33 Games} Qc7 {D78: Fianchetto Grünfeld: 6 0-0 c6} (10... Ne4 11. Rd1 Nb6 12. Qb3 Qc7 13. Bd2 Nxc3 14. Bxc3 Nd5 15. Nd2 Bg4 16. Rdc1 Nxc3 17. bxc3 Rac8 18. a4 {1-0 (52) Yu,Y (2724)-Sengupta,D (2569) Caleta 2015}) 11. Nh4 $146 ({Predecessor:} 11. b3 e5 12. dxe5 Nxe5 13. Nxe5 Qxe5 14. Bb2 Rfd8 15. Rad1 Be6 16. Qe2 Bg4 17. f3 Nd5 18. Rxd5 cxd5 19. fxg4 {0-1 (40) Ankit,R (2467)-Beerdsen,T (2313) Hoogeveen 2015}) 11... Nb6 12. Qc5 Be6 {The position is equal.} 13. b3 a5 14. Ba3 (14. Nf3 $11) 14... Nfd7 (14... Nbd7 $1 $17 {[%cal Rd7c5]} 15. Qg5 (15. Qxe7 g5 $17) 15... h6) 15. Qxe7 $11 Rfe8 16. Qg5 $1 a4 17. Rfc1 axb3 18. axb3 h6 (18... Bf6 $5 {[%cal Rf6g5]} 19. Qh6 Bxb3 $11) 19. Qf4 Qd8 20. Nf3 Nf6 21. Ne5 Bxb3 22. g4 Nbd5 23. Nxd5 Bxd5 24. h3 Nh7 25. e4 Be6 26. Bb2 (26. Qe3 {feels hotter.} Ra4 27. Bc5 Rxa1 28. Rxa1 g5 29. Ra7) 26... Rxa1 27. Bxa1 Nf6 28. Rd1 (28. Rb1 $14) 28... Qa5 (28... Nxe4 $5 29. Nxf7 (29. Bxe4 Bxe5 30. Qf3 Bg7 $17) 29... Bxf7 30. Bxe4 Qe7 $15) 29. Bf3 Qa4 30. Kg2 Rd8 31. h4 Nxe4 32. Re1 (32. Qxe4 $11 Bd5 33. Qe2 Bxe5 34. Bxd5 Rxd5 35. Rb1) 32... Nf6 $1 $17 33. Nxg6 fxg6 34. Rxe6 Qxa1 35. g5 (35. Rxf6 $17 Bxf6 36. Qxf6 Qxd4 37. Qxg6+ Qg7 38. Qe6+ Kh8 39. Be4) 35... hxg5 $19 ({Much less strong is} 35... Qxd4 36. Qxd4 Rxd4 37. gxf6) ({Worse is} 35... Rxd4 36. Qb8+ Kh7 37. gxf6 $11) 36. hxg5 Nh5 $2 (36... Nh7 $1 $19 37. d5 Rf8) 37. Bxh5 $1 $11 gxh5 (37... Rf8 $5 38. Qe4 $8 gxh5 $11) 38. Re7 $1 {Threatening mate with Qf7+.} Rf8 {[#]} 39. Rxg7+ $1 {[%mdl 512]} Kxg7 40. Qe5+ Kg6 41. Qd6+ Kxg5 42. Qg3+ $1 Kh6 43. Qd6+ Kg7 44. Qg3+ $1 Kf7 {( -> ...Rg8)} 45. Qf4+ Ke6 (45... Kg8 $5 {[%cal Rf8f4]} 46. Qg5+ Kf7 47. Qxh5+ Kf6 48. Qe5+ Kg6 49. Qg3+ Kh7 50. Qh4+ Kg8 51. Qg3+ Kf7 52. Qf4+ Kg6 53. Qg3+ Kh5 54. Qh3+ Kg5 55. Qg3+ Kf6 56. Qf4+ Ke6 57. Qe5+ Kf7 58. Qh5+ Kf6 59. Qe5+ Kg6 60. Qg3+ $11) 46. Qe5+ $1 Kd7 47. Qg7+ Kc8 {Threatens to win with ...Qa3.} 48. Qxf8+ {[%mdl 4096] Endgame KQ-KQ} Kc7 49. Qe7+ Kb6 50. Qc5+ Ka6 51. f4 (51. Qc4+ $11 Ka7 52. Qc5+ b6 53. Qe5) 51... Qa2+ $17 52. Kg3 Qe2 ({Better is} 52... Qb3+ $17 53. Kf2 h4) 53. f5 $11 Qg4+ 54. Kh2 Qf4+ 55. Kg2 Qe4+ 56. Kh2 Qf3 57. Qe5 h4 58. f6 b5 {[%cal Bb7b5,Bb5b4,Bb4b3,Bb3b2][%mdl 32]} 59. Qg5 b4 60. Qg7 (60. Qg6 $1 $11 {was the only way to keep the balance.}) 60... Qf2+ $17 61. Kh3 {Strongly threatening f7.} Qe3+ 62. Kg2 {[#]} (62. Kxh4 $17 Qxd4+ 63. Kh5) 62... Qe4+ $1 $19 ({But not} 62... Qxd4 63. Qe7) 63. Kh2 {f7 is the strong threat.} Qxd4 {aiming for ...b3.} 64. Kh3 b3 65. Qf7 b2 66. Qa2+ Kb6 67. Qb3+ $2 (67. f7 Qf2 68. Kg4) 67... Kc7 {Black is clearly winning.} 68. f7 {[#]} Qf4 $1 69. f8=R (69. Kg2 $142 Qg4+ 70. Kh2 Qf4+ 71. Kg2) 69... Qxf8 70. Qxb2 Qf4 {[%csl Gh4][%cal Rf4g3]} 71. Kg2 c5 {Precision: White = 32%, Black = 60%.} (71... Qg3+ $142 72. Kh1 Qh3+ 73. Kg1 Qg4+ 74. Kf1 h3 75. Qe5+ Kd7) 0-1

[Event "FIDE Moscow Grand Prix 2017"]
[Site "Moscow"]
[Date "2017.05.15"]
[Round "4"]
[White "Hammer, Jon Ludvig"]
[Black "Giri, Anish"]
[Result "1/2-1/2"]
[WhiteElo "2621"]
[BlackElo "2785"]
[Annotator "TA"]
[PlyCount "157"]
[EventDate "2017.??.??"]
[EventType "tourn"]
[EventCountry "RUS"]
[SourceTitle "playchess.com"]
[Source "ChessBase"]
[SourceQuality "1"]

{[%evp 14,156,5,0,7,0,5,24,14,22,10,16,27,18,25,17,25,18,28,36,40,27,57,58,68,59,55,27,80,80,73,79,77,57,71,82,85,87,67,71,64,64,93,86,123,129,121,125,137,113,104,112,98,101,112,0,0,0,0,0,2,2,2,0,0,0,2,0,0,0,0,0,0,0,0,0,0,0,0,0,0,0,0,0,0,0,0,0,0,0,0,0,8,0,89,0,8,0,0,0,0,0,0,0,0,0,8,0,0,0,8,8,8,8,8,8,8,8,8,8,8,0,0,0,0,0,0,0,0,0,0,0,0,0,0,0,0,0,0,0,0,0,0,0,0]} 1. c4 e5 2. g3 c6 3. Nf3 e4 4. Nd4 d5 5. cxd5 Qxd5 6. Nc2 {A20: English Opening: 1...e5} Nf6 7. Nc3 Qe5 8. Bg2 {LiveBook: 6 Games} Na6 $146 ({Predecessor:} 8... Be7 9. Ne3 Na6 10. Qc2 Nb4 11. Qb1 Be6 12. b3 Nbd5 13. Bb2 Nxe3 14. fxe3 {½-½ (59) Hammer,J (2651)-Navara,D (2742) Novy Bor 2016}) 9. O-O Be7 10. d4 exd3 $1 11. Qxd3 O-O 12. Qe3 Bd6 13. Rd1 Re8 14. Qd4 Bc7 15. Bf4 $36 {[%mdl 2048] Black is under pressure.} Qh5 16. Bxc7 Nxc7 17. f3 Ne6 18. Qf2 Ng5 19. g4 Qg6 20. Ne3 h5 (20... Ne6 $11) 21. h4 $16 Ne6 {[%cal Rh5g4]} 22. g5 Nf4 23. Rd4 N6d5 24. Ncxd5 Nxd5 25. Nxd5 cxd5 26. Rxd5 Be6 27. Rd2 Rad8 28. e4 f5 29. Rxd8 Rxd8 30. Qxa7 Qf7 31. Qa5 Qd7 32. Qe5 fxe4 33. fxe4 Bh3 {[#]} 34. Qd5+ (34. Bf3 $1 $16 Qf7 35. Be2) 34... Qxd5 $11 35. exd5 Bxg2 36. Kxg2 Rxd5 {[%mdl 4096] Endgame KR-KR} 37. Rf1 Rd4 38. Kg3 Rg4+ 39. Kh3 Kh7 40. Rf7 Rb4 41. b3 Kg6 42. Rc7 Rd4 43. Rxb7 {And now a4 would win.} Rd3+ 44. Kg2 {Strongly threatening a4.} Rd2+ 45. Kf3 Rxa2 46. Rb4 Kf5 47. Ke3 Rg2 48. Kd3 Rg3+ 49. Kc2 Ke5 50. Rc4 Kd5 51. Kb2 Rh3 52. Ka3 Rg3 53. Ka4 Rh3 {[#]} (53... Rf3 $11 {keeps the balance.}) 54. Rb4 (54. g6 $1 $16) 54... Ke6 {The position is equal.} 55. Kb5 Kd5 56. Ka5 Kd6 57. Rb7 Rxh4 58. Rxg7 Rh1 59. g6 h4 60. Rh7 Ke6 61. Rc7 h3 62. g7 Rg1 63. Rc3 h2 ({But not} 63... Rg5+ $6 64. Kb6 $16) 64. Rh3 Rxg7 65. Rxh2 Kd7 $1 66. Rc2 {aiming for b4.} Rg8 $1 67. b4 {Threatens to win with b5.} Ra8+ 68. Kb5 {Hoping for Rc6.} Rb8+ 69. Ka4 Ra8+ 70. Kb3 Rc8 71. Rxc8 (71. Ra2 {is interesting.} Kc6 72. Ra6+ Kb5 73. Ra5+ Kb6 74. Rg5) 71... Kxc8 {KP-K} 72. Kc4 Kb8 73. Kd5 {White wants to mate with Kc6.} Kb7 74. Kc5 {Black must now prevent Kb5.} Kc7 75. b5 $1 {[%cal Bb4b5,Bb5b6,Bb6b7][%mdl 32]} Kb7 76. b6 Kb8 77. Kc6 $2 {[%mdl 8192]} (77. Kb4) 77... Kc8 78. b7+ Kb8 79. Kb6 {Precision: White = 79%, Black = 83%.} 1/2-1/2

[Event "FIDE Moscow Grand Prix 2017"]
[Site "Moscow"]
[Date "2017.05.16"]
[Round "5"]
[White "Vachier-Lagrave, Maxime"]
[Black "Salem, A R  Saleh"]
[Result "1-0"]
[WhiteElo "2795"]
[BlackElo "2633"]
[Annotator "TA"]
[PlyCount "71"]
[EventDate "2017.??.??"]
[EventType "tourn"]
[EventCountry "RUS"]
[SourceTitle "playchess.com"]
[Source "ChessBase"]
[SourceQuality "1"]

{[%evp 19,71,35,33,17,55,58,66,50,51,46,65,48,54,57,77,51,47,50,118,62,84,85,95,73,89,86,91,67,108,85,102,97,112,127,115,91,85,85,85,91,85,87,100,95,91,74,115,117,117,127,152,150,768,767]} 1. e4 c6 2. Nf3 d5 3. Nc3 dxe4 4. Nxe4 Nf6 5. Qe2 Nxe4 6. Qxe4 Qd5 {B11: Caro-Kann: Two Knights Variation} 7. Qh4 Qe6+ 8. Be2 Qg4 9. Qg3 Qxg3 10. hxg3 Bf5 {LiveBook: 3 Games} 11. b3 a5 $146 ({Predecessor:} 11... Nd7 12. Bb2 e6 13. O-O-O h6 14. Nh4 {1-0 (65) Howell,D (2657)-Svane,R (2560) chess.com INT 2017}) 12. Bb2 h6 13. O-O-O a4 14. Nd4 Bc8 15. Rde1 axb3 16. axb3 Nd7 17. Nf5 Nf6 18. g4 $36 {[%mdl 2048] White is pushing.} Be6 {[#]} (18... Kd8 $14) 19. f4 (19. Bc4 $1 $16) 19... Rg8 20. Ne3 g6 21. f5 gxf5 22. gxf5 Bd7 23. Bf3 Kd8 24. Bd4 Bg7 25. Kb2 Ne8 26. Bxg7 Nxg7 27. f6 ({But not} 27. Rxh6 $6 Nxf5 28. Nxf5 Bxf5 $11) 27... exf6 28. Rxh6 Ne8 29. d4 {[%cal Bd2d4,Bd4d5][%mdl 32]} Kc7 30. d5 Rg5 31. Rd1 Ra6 32. b4 Nd6 33. Rxf6 cxd5 34. Rxd5 ({And not} 34. Bxd5 Nf5 $15) 34... Rxd5 35. Bxd5 Nc4+ $2 {[#]} (35... Kd8 $16) 36. Bxc4 {Precision: White = 65%, Black = 44%.} 1-0